000 00610nam a22002537a 4500
003 UA-OsUOA
001 23666
007 ta
008 20040127b un ||||| |||| 00| 0 ukr d
100 _aБэрон Роберт
090 _a316.613.434
_bБ97
942 _cBK
040 _aUA-OsUOA
_brus
_cUA-OsUOA
_dUA-OsUOA
245 _aАгрессия
300 _a352 с.
_bІлюстрації
955 _a0
041 _arus
080 _a316.613.434
020 _a5-887-82294-5
260 _aСанкт - Петербург
_bПитер
_c2000
044 _aRU
650 7 _2UDC
999 _c309920
_d309920